000 00875nam a2200241Ia 4500
003 OSt
005 20220918111016.0
006 a|||||r|||| 00| 0
007 ta
008 220915b |||||||| |||| 00| 0 hin d
024 _a93,127
037 _cReference Collections
040 _aARTS
_cARTS
_bhin
041 _2hin
_ahin
082 _aP152,4:4k, M6.1-.3(RR)
100 _aअग्रवाल, प्रतिभा, संपा.
245 0 _aबृहत् मुहावरा कोश
246 _aBṛuhat muhāvarā kosha
260 _aलखनउ
_bउत्तर प्रदेश हिन्दी संस्थान भारत
_c1986
490 _vभाग 1
942 _hP152,4:4k, M6.1-.3(RR)
_cREF
999 _c116397
_d116397